1153 1715 1443 1757 1427 1576 1062 1437 1718 1315 1796 1808 1703 1702 1278 1220 1127 1071 1327 1940 1711 1463 1776 1951 1509 1144 1557 1076 1091 1777 1065 1801 1932 1763 1701 1014 1217 1185 1377 1486 1402 1191 1583 1219 1045 1043 1993 1303 1716 1184 1767 1828 1675 1977 1149 1940 1092 1510 1398 1348 1726 1554 1235 1643 1923 1367 1024 1673 1209 1753 1110 1910 1822 1877 1149 1664 1617 1593 1074 1803 1061 1685 1366 1787 1006 1933 1231 1318 1261 1273 1420 1285 1154 1889 1113 1225 1862 1261 1268 BCNSPRNW ULIB Ver.6.0+V

เปลี่ยนเป็นภาษาไทย

Change to English
 แสดงรายละเอียดบรรณานุกรม
  กลับหน้าหลัก

Brief Record : Get Marc (ISO 2709) : E-mail record : QR code < ปิดหน้าต่าง
LEADER : 00000nam 2200000uu 4500
001    13399120403
003     ULIB
008    120919s2549||||th 000 0 tha d
020    ^a974971296X
060  4 ^aWA400^bด123ผ 2549
100 0  ^aดนัย บวรเกียรติกุล
245 10 ^aผลกระทบสิ่งแวดล้อมและปัญหาสุขภาพจากการท่องเที่ยวและนันทนาการ /^cดนัย บวรเกียรติกุล
250    ^aพิมพ์ครั้งที่ 1
260    ^aกรุงเทพฯ :^bโอเดียนสโตร์,^c2549
300    ^a190 หน้า :^bภาพประกอบ ;^c24 ซม.
650  7 ^aการท่องเที่ยว
650  7 ^aการวิเคราะห์ผลกระทบสิ่งแวดล้อม
650  7 ^aนันทนาการ
650  7 ^aอนามัยสิ่งแวดล้อม
945    ^p130^l0^i24800
995    ^aกัณชพร
999 ^a ใช้งานได้ทุกระบบ
รายการนี้ยังไม่มีแท็ก
คุณยังไม่ได้ล็อกอิน คุณสามารถมีกิจกรรมร่วมกับเว็บไซต์ได้ แต่ต้องล็อกอินก่อน ::
  ล็อกอิน

รายการสื่อสารสนเทศ

ลำดับที่ ประเภท เลขเรียก/บาร์โค้ด สถานที่ สถานะ
1. วิทยาศาสตร์การแพทย์ และสุขภาพ
วิทยาศาสตร์การแพทย์ และสุขภาพ
WA400 ด123ผ 2549  
  Barcode: 24800
ห้องสมุดวิทยาเขตสวรรค์ประชารักษ์
►หนังสือทั่วไป
บนชั้น

รายการใกล้เคียง
    ผู้แต่ง [ดนัย บวรเกียรติกุล]

    หัวเรื่อง [การท่องเที่ยว]
    หัวเรื่อง [การวิเคราะห์ผลกระทบสิ่งแวดล้อม]
    หัวเรื่อง [นันทนาการ]
    หัวเรื่อง [อนามัยสิ่งแวดล้อม]

BibComment


ยังไม่เคยถูกคอมเมนท์

คอมเมนท์ทรัพยากรรายการนี้
  คอมเมนท์: ผลกระทบสิ่งแวดล้..


 Copyright 2026. Bcnsprnw @Library